000 00865nam a22002295i 4500
001 166736
003 ES-MaACL
005 20230906213406.0
008 050920q1886 fr a | |||||||| ||fre d
100 1 _aTwain, Mark.
_9111791
245 1 4 _aLes aventures de Huck Finn, l'ami de Tom Sawyer /
_cMark Twain ; traduit par William-L-Hughes ; illustrations par Achille Sirouy.
260 _aParis :
_bA. Hennuyer,
_c[ca. 1886]
300 _a276 p. :
_bil. ;
_c24 cm.
490 1 _aBibliothèque nouvelle de la jeunesse
596 _aSegún la BLPC impreso ca. 1886.
700 1 _aHughes, William Little (
_d1822-1887)
_9172310
700 1 _aSirouy, Achille.
_9106683
700 1 _aHennuyer, A.
_9127854
830 1 _aBibliothèque nouvelle de la jeunesse
_9188627
852 _aES-MaACL
_jC-2429
_z- Enc. hol., conservando cub. original
999 _c166736
_d166736